WWE Finishers 2022 - Statistics

General Stats
  • This quiz has been taken 166 times
    148 since last reset
  • The average score is 35 of 64
Answer Stats
Hint Answer % Correct
619 Rey Mysterio
96%
Big Ending Big E
91%
Cross Rhodes Cody Rhodes
90%
Attitude Adjustment John Cena
89%
Brogue Kick Sheamus
88%
F-5 Brock Lesnar
87%
RKO Randy Orton
85%
Guillotine Roman Reigns
83%
Claymore Drew McIntyre
82%
Stunner Kevin Owens
81%
A-Town Down Austin Theory
80%
Helluva Kick Sami Zayn
80%
Phenomenal Forearm AJ Styles
79%
The Stomp Seth "Freakin" Rollins
78%
Figure 8 Leg Lock Charlotte Flair
76%
End of Days Baron Corbin
75%
Zig Zag Dolph Ziggler
74%
Skull-Crushing Finale The Miz
73%
Trouble in Paradise Kofi Kingston
72%
KOD Bianca Belair
71%
Spear Edge
69%
Manhandle Slam Becky Lynch
67%
Sister Abigail Bray Wyatt
65%
Bro-Derek Matt Riddle
65%
Caterpillar Otis
65%
Riptide Rhea Ripley
65%
obLIVion Liv Morgan
64%
Hurt Lock Bobby Lashley
62%
Samoan Spike Solo Sikoa
62%
1916 Finn Balor
61%
Glorious DDT Robert Roode
61%
630 Senton Ricochet
60%
Lost in the Woods Xavier Woods
58%
Running Powerslam Braun Strowman
56%
Kross Jacket Karrion Kross
56%
Armbar Ronda Rousey
52%
Kai-ropractor Dakota Kai
51%
Rose Plant Bayley
49%
Woman's Right Lacey Evans
47%
Garga-No Escape Johnny Gargano
44%
Kirifuda Clutch Shayna Baszler
44%
Tyler Driver '97 Tyler Bate
44%
Drift Away Elias
40%
Lumbar Check Cedric Alexander
39%
Gu-Lock Drew Gulak
39%
Fairytale Ending Tomasso Ciampa
39%
Kallas Jinder Mahal
38%
From the Heavens Montez Ford
38%
DDT Alexa Bliss
37%
Bitter End Butch
36%
054 Mustafa Ali
36%
Repeated Powerbombs Gunther
34%
Paydirt Shelton Benjamin
31%
Cave-In Cameron Grimes
29%
Torpedo Moscow Ilja Dragunov
27%
Moonsault IYO SKY
27%
Wing Clipper Angel Garza
26%
Shiniest Wizard Tegan Nox
26%
Feast Your Eyes Dijak
24%
Wicked Step-Sister Candice LeRae
19%
End of Heartache Roderick Strong
19%
Silence Dexter Lumis
17%
Gun Stun Karl Anderson
15%
Hit the Lights Damian Preist
6%
No matching quizzes found
Score Distribution
Percent of People with Each Score
Percentile by Number Answered
Your Score History
You have not taken this quiz since the last reset